Normal view
MARC view
Entry Personal Name
001 - CONTROL NUMBER
- control field: 11998
003 - CONTROL NUMBER IDENTIFIER
- control field: ARRUPE
005 - DATE AND TIME OF LATEST TRANSACTION
- control field: 20141002160608.0
008 - FIXED-LENGTH DATA ELEMENTS
- fixed length control field: 141002|| aca||aabn | a|a d
040 ## - CATALOGING SOURCE
- Original cataloging agency: ARRUPE
- Transcribing agency: ARRUPE
100 ## - HEADING--PERSONAL NAME
- Personal name: James, E. O.
- Fuller form of name: (Edwin Oliver),
- Dates associated with a name: 1888-1972.
670 ## - SOURCE DATA FOUND
- Source citation: Work cat.: (ARRUPE)0: James, E. O. (Edwin Oliver), 1888-1972., The concept of deity;, 1950.